Is trust vindicated? A chronicle of the various accomplishments of the Government headed by General Ne Win during the period of tenure from November, 1958 to February 6, 1960

保存先:
書誌詳細
共著者: Burma, Information and Broadcasting Dept
フォーマット: 図書
言語:Undetermined
出版事項: Rangoon 1960
主題:
タグ: タグ追加
タグなし, このレコードへの初めてのタグを付けませんか!
Thư viện lưu trữ: Trung tâm Học liệu Trường Đại học Cần Thơ
LEADER 00679nam a2200205Ia 4500
001 CTU_92530
008 210402s9999 xx 000 0 und d
082 |a 959.1 
082 |b B962 
110 |a Burma 
110 |b Information and Broadcasting Dept 
245 0 |a Is trust vindicated? 
245 2 |b A chronicle of the various accomplishments of the Government headed by General Ne Win during the period of tenure from November, 1958 to February 6, 1960 
245 0 |c Burma. Information and Broadcasting Dept 
260 |a Rangoon 
260 |c 1960 
650 |a History 
650 |z Burma 
904 |i Bằng 
980 |a Trung tâm Học liệu Trường Đại học Cần Thơ